[Event "41st IT Bosna 2011"]
[Site "Sarajevo"]
[Date "2011.05.04"]
[Round "2.37"]
[White "Dedijer, Mira"]
[Black "Bucan, Eldin"]
[Result "0-1"]
[WhiteElo "1968"]
[BlackElo "2177"]
[PlyCount "100"]
[EventDate "2011.05.03"]

1. e4 e5 2. Nf3 Nc6 3. Bb5 a6 4. Ba4 Nf6 5. O-O b5 6. Bb3 Be7 7. Re1 O-O 8. c3
d5 9. exd5 Nxd5 10. Nxe5 Nxe5 11. Rxe5 c6 12. d4 Bd6 13. Re1 Qh4 14. g3 Qh3 15.
Qd3 Bg4 16. Qf1 Rae8 17. Rxe8 Rxe8 18. Qxh3 Bxh3 19. Bd2 Nf6 20. Bd1 c5 21. f3
cxd4 22. cxd4 Bc7 23. Kf2 Bb6 24. g4 Bxd4+ 25. Kg3 Bxb2 26. Bc3 Bxa1 27. Bxa1
Bf1 28. Kf2 Bc4 29. a3 Nd5 30. Nd2 Ne3 31. Bb3 Nxg4+ 32. Kg3 Bxb3 33. Nxb3 Ne3
34. Nc5 Nc4 35. Nxa6 Nxa3 36. Nc7 Re2 37. Nd5 f6 38. Bc3 Kf7 39. Bb4 Nc2 40.
Bc3 Re8 41. Nc7 Rb8 42. Na6 Rb6 43. Nc7 b4 44. Bb2 b3 45. Kf2 Nb4 46. Ke3 Rc6
47. Nb5 Rc2 48. Bd4 Rxh2 49. Na3 Nc2+ 50. Kd3 Nxa3 0-1

[Event "41st IT Bosna 2011"]
[Site "Sarajevo"]
[Date "2011.05.04"]
[Round "2.38"]
[White "Sadikovic, Samir"]
[Black "Besirevic, Jasmin"]
[Result "1/2-1/2"]
[WhiteElo "2167"]
[BlackElo "1967"]
[PlyCount "98"]
[EventDate "2011.05.03"]

1. e4 c5 2. Nf3 d6 3. d4 cxd4 4. Nxd4 Nf6 5. Nc3 e5 6. Nb3 Be6 7. Bg5 Nbd7 8.
Be2 Be7 9. h4 h6 10. Be3 a6 11. g4 Nc5 12. Bf3 b5 13. Rg1 g6 14. g5 hxg5 15.
hxg5 Nh5 16. Rh1 Na4 17. Nxa4 bxa4 18. Nc1 Bxg5 19. Bxg5 Qxg5 20. Qxd6 Qf4 21.
Qc6+ Ke7 22. Bxh5 gxh5 23. Ne2 Qf3 24. Rg1 Bg4 25. Qc5+ Kf6 26. Qd6+ Kg7 27.
Qxe5+ f6 28. Qc7+ Kg6 29. Qc4 Rhd8 30. Rg3 Qh1+ 31. Ng1 Kh6 32. Kf1 Rd2 33. Qc3
Rad8 34. Qe3+ Kh7 35. Re1 Rd1 36. f3 Be6 37. b3 axb3 38. axb3 Qh4 39. Qf2 Qf4
40. Ne2 Rxe1+ 41. Qxe1 Qe3 42. Qf2 Rd1+ 43. Kg2 Qd2 44. Qa7+ Bd7 45. Kf2 Qe1+
46. Ke3 Qd2+ 47. Kf2 Qe1+ 48. Ke3 Qd2+ 49. Kf2 Qe1+ 1/2-1/2

[Event "41st IT Bosna 2011"]
[Site "Sarajevo"]
[Date "2011.05.04"]
[Round "2.39"]
[White "Grahovac, Danijel"]
[Black "Zlobec, Srdjan"]
[Result "0-1"]
[WhiteElo "1963"]
[BlackElo "2153"]
[PlyCount "106"]
[EventDate "2011.05.03"]

1. d4 Nf6 2. c4 c5 3. dxc5 e6 4. Nf3 Bxc5 5. Nc3 O-O 6. Bg5 Nc6 7. e3 h6 8. Bh4
g5 9. Bg3 d5 10. cxd5 exd5 11. Bb5 d4 12. exd4 Nxd4 13. Nxd4 Bxd4 14. O-O Bg4
15. Qb3 Rc8 16. Be2 Qb6 17. Qxb6 Bxb6 18. Bxg4 Nxg4 19. h3 Nf6 20. Rfe1 Rfe8
21. Rad1 Ba5 22. Rxe8+ Rxe8 23. Kf1 Bxc3 24. bxc3 Ne4 25. Rd3 Nxg3+ 26. Rxg3
Re6 27. f4 Rf6 28. Rf3 gxf4 29. g3 Ra6 30. Rxf4 Rxa2 31. Ke1 Kg7 32. h4 b5 33.
Kd1 Rg2 34. Rf3 f6 35. h5 a6 36. Rd3 Kf7 37. Rd6 Rxg3 38. Rxa6 Rg5 39. Ra7+ Ke6
40. Ra6+ Kf5 41. Rb6 Kg4 42. Rxf6 Kxh5 43. Kc2 Re5 44. Rf1 Kg6 45. Kb3 h5 46.
Kb4 h4 47. Rh1 Kh5 48. c4 bxc4 49. Kxc4 Kg4 50. Kd4 Re8 51. Rg1+ Kf3 52. Rg7
Rd8+ 53. Ke5 Rh8 0-1

[Event "41st IT Bosna 2011"]
[Site "Sarajevo"]
[Date "2011.05.04"]
[Round "2.40"]
[White "Marjanovic, Dejan"]
[Black "Jacimovic, Sara"]
[Result "1-0"]
[WhiteElo "2149"]
[BlackElo "1959"]
[PlyCount "103"]
[EventDate "2011.05.03"]

1. e4 e5 2. Nf3 Nc6 3. d4 exd4 4. Bc4 d6 5. Nxd4 Be7 6. Nc3 Bf6 7. Nde2 Nge7 8.
Bb3 Na5 9. Be3 Nxb3 10. axb3 b6 11. Qd2 Bb7 12. O-O-O Qd7 13. f3 O-O-O 14. Nf4
Bg5 15. Nfd5 Bxe3 16. Qxe3 Nxd5 17. exd5 Rhe8 18. Qd4 f6 19. Rhe1 Rxe1 20. Rxe1
Re8 21. Rxe8+ Qxe8 22. Qe4 Kd8 23. Qxh7 Qe3+ 24. Kb1 Qg1+ 25. Ka2 Qxg2 26. Qg8+
Kd7 27. Ne4 Qg6 28. h4 Ba6 29. c4 Qh6 30. Qe6+ Kd8 31. Ng3 Qh8 32. Qf7 Qxh4 33.
Qg8+ Kd7 34. Qe6+ Kd8 35. Nf5 Qh8 36. Qe7+ Kc8 37. Nd4 Kb8 38. Ne6 Qc8 39. Qxg7
Bb7 40. Qxf6 Bxd5 41. cxd5 Qa6+ 42. Kb1 Qf1+ 43. Kc2 Qe2+ 44. Kc3 Qe3+ 45. Kb4
a5+ 46. Ka3 Qc1 47. Qd8+ Kb7 48. Qxc7+ Qxc7 49. Nxc7 Kxc7 50. Ka4 Kd7 51. Kb5
Kc7 52. f4 1-0

[Event "41st IT Bosna 2011"]
[Site "Sarajevo"]
[Date "2011.05.04"]
[Round "2.41"]
[White "Strinic, Halid"]
[Black "Brkic, Mustafa"]
[Result "0-1"]
[WhiteElo "1903"]
[BlackElo "2143"]
[PlyCount "150"]
[EventDate "2011.05.03"]

1. e4 c5 2. Nf3 e6 3. d4 cxd4 4. Nxd4 Nf6 5. Bd3 Nc6 6. Nxc6 dxc6 7. O-O e5 8.
Nd2 Qc7 9. Qf3 Be6 10. Nc4 b5 11. Ne3 Be7 12. a4 Rb8 13. Nf5 Bxf5 14. Qxf5 g6
15. Qf3 h6 16. Be3 a5 17. b3 Kf8 18. Bd2 b4 19. Bc4 Kg7 20. Be3 Rhf8 21. Rad1
Rbd8 22. Qh3 Ng8 23. Qg3 Nf6 24. Qf3 Nh7 25. Rxd8 Bxd8 26. Rd1 Bg5 27. Bc5 Be7
28. Be3 Bg5 29. h3 Bxe3 30. Qxe3 Nf6 31. f3 Rd8 32. Rxd8 Qxd8 33. Qa7 Qd4+ 34.
Qxd4 exd4 35. Kf2 g5 36. g3 Nh5 37. Be2 Nf6 38. Bd3 Nh5 39. f4 gxf4 40. g4 Nf6
41. Kf3 Nd7 42. Kxf4 Kf6 43. h4 Ne5 44. g5+ hxg5+ 45. hxg5+ Ke6 46. Be2 c5 47.
Ba6 c4 48. bxc4 d3 49. Ke3 dxc2 50. Kd2 b3 51. c5 Nf3+ 52. Kc1 Nd4 53. Bc4+ Ke5
54. c6 Kd6 55. e5+ Kxc6 56. e6 fxe6 57. g6 Kc5 58. Bd3 Kb4 59. Kb2 Nc6 60. g7
Ne7 61. Bb5 Ng8 62. Bd7 e5 63. Bc6 Nf6 64. Bd5 c1=Q+ 65. Kxc1 Kc3 66. g8=Q Nxg8
67. Bxg8 e4 68. Bd5 e3 69. Bf3 Kb4 70. Kb2 Kxa4 71. Kc3 Ka3 72. Be4 Ka2 73. Bd5
a4 74. Kd3 Kb2 75. Kxe3 a3 0-1

[Event "41st IT Bosna 2011"]
[Site "Sarajevo"]
[Date "2011.05.04"]
[Round "2.42"]
[White "Hadzovic, Amir"]
[Black "Lakota, Izet"]
[Result "1-0"]
[WhiteElo "2143"]
[BlackElo "1838"]
[PlyCount "79"]
[EventDate "2011.05.03"]

1. e4 e5 2. d4 exd4 3. Qxd4 Nc6 4. Qe3 g6 5. Nc3 Bg7 6. Bd2 d6 7. Bc4 Be6 8.
Bb5 Bd7 9. f4 a6 10. Bd3 Nge7 11. Nf3 b5 12. O-O-O Nb4 13. Nd5 Nbxd5 14. exd5
O-O 15. c4 bxc4 16. Bxc4 Bb5 17. Qd3 Rb8 18. Nd4 Bxc4 19. Qxc4 Qd7 20. Bc3 Rfc8
21. Nc6 Nxc6 22. dxc6 Qe6 23. Qxe6 fxe6 24. Rd3 Rb6 25. Bxg7 Kxg7 26. Rc3 Re8
27. Rd1 Kf6 28. b3 Re7 29. Kd2 e5 30. Rf1 e4 31. Ke3 d5 32. Rc5 Rb5 33. Rc2 Rb4
34. Rd1 Ke6 35. Rc5 Rb5 36. Rdxd5 Rxc5 37. Rxc5 Kd6 38. Ra5 Kxc6 39. Rxa6+ Kb5
40. Ra4 1-0

[Event "41st IT Bosna 2011"]
[Site "Sarajevo"]
[Date "2011.05.04"]
[Round "2.43"]
[White "Hadziselimovic, Bernardina"]
[Black "Hajdarevic, Samir"]
[Result "0-1"]
[WhiteElo "1822"]
[BlackElo "2143"]
[PlyCount "68"]
[EventDate "2011.05.03"]

1. e4 c5 2. Nf3 d6 3. d4 cxd4 4. Qxd4 Nc6 5. Bb5 Bd7 6. Bxc6 Bxc6 7. Nc3 Nf6 8.
Bg5 e6 9. O-O-O h6 10. Bh4 Be7 11. e5 dxe5 12. Qxe5 Qb6 13. Nd4 g5 14. Bg3 Bxg2
15. Rhe1 Qc5 16. Qe2 Bh3 17. Be5 O-O 18. Qe3 Bg4 19. f3 Bh5 20. h4 Rfc8 21.
hxg5 Nd5 22. Nxd5 Qxd5 23. gxh6 Kh7 24. Rg1 Bg6 25. Rd2 Qxa2 26. Kd1 Rd8 27.
Rxg6 fxg6 28. Bf4 Bf6 29. c3 Qd5 30. Kc2 e5 31. Bg5 exd4 32. Rxd4 Qxg5 33. Rf4
Qd5 34. Qe2 Bg5 0-1

[Event "41st IT Bosna 2011"]
[Site "Sarajevo"]
[Date "2011.05.04"]
[Round "2.44"]
[White "Banduka, Zeljko"]
[Black "Hadzialic, Benjamin"]
[Result "1-0"]
[WhiteElo "2133"]
[BlackElo "1702"]
[PlyCount "79"]
[EventDate "2011.05.03"]

1. d4 e6 2. g3 d5 3. Bg2 Nf6 4. Nf3 c5 5. c4 Nc6 6. O-O Be7 7. dxc5 Bxc5 8.
cxd5 Nxd5 9. Qc2 Qb6 10. a3 O-O 11. b4 Be7 12. e4 Nf6 13. Be3 Qd8 14. Rd1 Bd7
15. h3 Rc8 16. Nc3 a6 17. e5 Nd5 18. Nxd5 exd5 19. Qd2 Be6 20. Rac1 Qd7 21. Kh2
Rfd8 22. Bb6 Rf8 23. Qe3 Bd8 24. Bc5 Be7 25. Ng5 h6 26. Nxe6 fxe6 27. f4 g5 28.
Be4 Kh8 29. f5 Qc7 30. Bb6 Qb8 31. f6 Bxf6 32. exf6 dxe4 33. Qxe4 Qe5 34. Qg2
Qxf6 35. Rf1 Qg6 36. Bc5 Rf5 37. g4 Rf7 38. Bd4+ Kh7 39. Bc5 Rcc7 40. a4 1-0

[Event "41st IT Bosna 2011"]
[Site "Sarajevo"]
[Date "2011.05.04"]
[Round "2.45"]
[White "Uyanik, Mehmet"]
[Black "Kozarcanin, Sead"]
[Result "1-0"]
[WhiteElo "1668"]
[BlackElo "2131"]
[PlyCount "112"]
[EventDate "2011.05.03"]

1. e4 e5 2. Nf3 Nc6 3. d4 exd4 4. Nxd4 Nf6 5. Nc3 Bb4 6. f3 O-O 7. Be3 d5 8.
Nxc6 bxc6 9. e5 Re8 10. f4 Ne4 11. Qd3 Bf5 12. Bd2 Nxd2 13. Qxf5 Ne4 14. Qh3 f6
15. Bd3 Bxc3+ 16. bxc3 fxe5 17. O-O exf4 18. Rxf4 Qd6 19. Raf1 Rf8 20. R4f3 g6
21. Rxf8+ Rxf8 22. Rxf8+ Kxf8 23. Qf3+ Nf6 24. g4 Qe5 25. h4 Qe1+ 26. Kg2 Qxh4
27. Be2 Qg5 28. c4 Kf7 29. Qg3 Ne8 30. cxd5 cxd5 31. Qf2+ Qf6 32. Qxa7 Qc6 33.
Qd4 Qxc2 34. Qxd5+ Ke7 35. Qe5+ Kd8 36. Qd5+ Ke7 37. Qe5+ Kd8 38. Qd4+ Ke7 39.
Qe5+ Kd8 40. Qd5+ Ke7 41. Kf3 Qc3+ 42. Kf4 Qf6+ 43. Ke4 Nd6+ 44. Kd3 Qb2 45.
Qg5+ Kd7 46. Qd5 c5 47. Ke3 Qc3+ 48. Kf2 c4 49. g5 Qb4 50. Qd4 Qa5 51. Bxc4
Qxg5 52. Qa7+ Ke8 53. Qa4+ Kf8 54. Qa8+ Kg7 55. Qg8+ Kf6 56. Qd8+ Kf5 1-0

[Event "41st IT Bosna 2011"]
[Site "Sarajevo"]
[Date "2011.05.05"]
[Round "3.1"]
[White "Prohaszka, Peter"]
[Black "Jobava, Baadur"]
[Result "1/2-1/2"]
[WhiteElo "2547"]
[BlackElo "2704"]
[PlyCount "83"]
[EventDate "2011.05.03"]

1. d4 Nf6 2. c4 d6 3. Nf3 g6 4. Nc3 Bf5 5. Nh4 Bd7 6. e4 e5 7. Nf3 Nc6 8. Be2
Bg7 9. Be3 O-O 10. d5 Ne7 11. Nd2 Ne8 12. O-O f5 13. f3 c5 14. dxc6 bxc6 15. b4
a5 16. a3 Rb8 17. Rb1 axb4 18. axb4 Nf6 19. Nb3 Be6 20. Na5 c5 21. Nb5 fxe4 22.
Qxd6 Qxd6 23. Nxd6 exf3 24. Bxf3 cxb4 25. Ba7 e4 26. Bxb8 exf3 27. Rbe1 fxg2
28. Kxg2 Bg4 29. Rxe7 Rxb8 30. h3 Bd7 31. Rxf6 Bxf6 32. Rxd7 b3 33. Ne4 Bg7 34.
Rb7 Rxb7 35. Nxb7 b2 36. Nd2 Kf7 37. Kf3 h5 38. Ke4 Bc3 39. Nb1 Bb4 40. Nd8+
Kf6 41. Nc6 Bd6 42. c5 1/2-1/2

[Event "41st IT Bosna 2011"]
[Site "Sarajevo"]
[Date "2011.05.05"]
[Round "3.2"]
[White "Lenic, Luka"]
[Black "Nevednichy, Vladislav"]
[Result "1-0"]
[WhiteElo "2637"]
[BlackElo "2542"]
[PlyCount "74"]
[EventDate "2011.05.03"]

1. d4 g6 2. c4 Bg7 3. e4 d6 4. Nc3 Nf6 5. Nf3 O-O 6. Be2 e5 7. O-O c6 8. d5 Na6
9. Ne1 Nc5 10. f3 a5 11. Be3 Bd7 12. dxc6 Bxc6 13. b3 Nh5 14. Qd2 Qe7 15. Rd1
Rad8 16. Nd3 b6 17. Nd5 Bxd5 18. cxd5 Ra8 19. Nb2 f5 20. Nc4 Qd8 21. Bd3 Kh8
22. Bb1 f4 23. Bf2 g5 24. b4 axb4 25. Qxb4 Rb8 26. Qb5 Rg8 27. Bd3 Bf8 28. h3
Ng3 29. Bxg3 fxg3 30. Ne3 Rg7 31. Nf5 Ra7 32. Bc4 g4 33. hxg4 Bh6 34. Rfe1 Bf4
35. Rb1 h5 36. Qc6 hxg4 37. Qxd6 Rd7 1-0

[Event "41st IT Bosna 2011"]
[Site "Sarajevo"]
[Date "2011.05.05"]
[Round "3.3"]
[White "Grandelius, Nils"]
[Black "Saric, Ivan"]
[Result "0-1"]
[WhiteElo "2541"]
[BlackElo "2637"]
[PlyCount "112"]
[EventDate "2011.05.03"]

1. c4 c6 2. Nf3 d5 3. e3 Nf6 4. Nc3 e6 5. b3 Nbd7 6. Bb2 Bd6 7. Qc2 Qe7 8. h3
a6 9. g4 h6 10. Be2 b5 11. Rg1 Bb7 12. h4 Nb6 13. g5 hxg5 14. hxg5 Nfd7 15. d4
bxc4 16. bxc4 Nxc4 17. Bxc4 dxc4 18. Nd2 c5 19. Nce4 cxd4 20. Bxd4 e5 21. Bc3
Rc8 22. O-O-O Ba3+ 23. Kb1 Nc5 24. Ka1 Rd8 25. Rb1 Bc6 26. Ba5 Rc8 27. Ng3 Nb7
28. Nf5 Qd7 29. Bc3 g6 30. Bxe5 Rh3 31. Nd4 Bd5 32. Ne2 c3 33. Bxc3 Rh2 34. Nf4
Be7 35. Qd3 Bc6 36. Qxd7+ Kxd7 37. Nc4 Ke8 38. Nb6 Rd8 39. Rb2 Ba3 40. Re2 Bf3
41. Rc2 Be4 42. Re2 Bf3 43. Rc2 Rd1+ 44. Rxd1 Bxd1 45. Rb2 Bc2 46. Rb1 Bxb1 47.
Kxb1 Rxf2 48. Nfd5 Be7 49. Nc7+ Kd8 50. Nxa6 Bxg5 51. Nd5 Be7 52. Nb8 Bd6 53.
Nc6+ Kd7 54. Nd4 g5 55. Nb6+ Ke8 56. a4 g4 0-1

[Event "41st IT Bosna 2011"]
[Site "Sarajevo"]
[Date "2011.05.05"]
[Round "3.4"]
[White "Berczes, David"]
[Black "Predojevic, Borki"]
[Result "1/2-1/2"]
[WhiteElo "2531"]
[BlackElo "2617"]
[PlyCount "38"]
[EventDate "2011.05.03"]

1. d4 Nf6 2. c4 e6 3. Nf3 Bb4+ 4. Nbd2 O-O 5. a3 Be7 6. e4 d5 7. e5 Nfd7 8. b4
a5 9. b5 c5 10. cxd5 exd5 11. Bd3 cxd4 12. Nb3 a4 13. Nbxd4 Nc5 14. Bc2 Nbd7
15. Nf5 Nb3 16. Bxb3 axb3 17. O-O Nxe5 18. Nxe7+ Qxe7 19. Qxb3 Nxf3+ 1/2-1/2

[Event "41st IT Bosna 2011"]
[Site "Sarajevo"]
[Date "2011.05.05"]
[Round "3.5"]
[White "Melkumyan, Hrant"]
[Black "Sebenik, Matej"]
[Result "1-0"]
[WhiteElo "2580"]
[BlackElo "2524"]
[PlyCount "81"]
[EventDate "2011.05.03"]

1. d4 Nf6 2. c4 g6 3. Nc3 Bg7 4. e4 d6 5. Nf3 O-O 6. Be2 e5 7. O-O Nc6 8. Be3
Ng4 9. Bg5 f6 10. Bc1 f5 11. Bg5 Qe8 12. Nd5 Qd7 13. exf5 gxf5 14. dxe5 dxe5
15. h3 e4 16. hxg4 exf3 17. Bxf3 fxg4 18. Be4 Bxb2 19. Rb1 Be5 20. Qd2 Qf7 21.
Bh6 Qh5 22. g3 Bf5 23. Rbe1 Rfe8 24. Bg2 Qg6 25. Bf4 Qg7 26. Bxe5 Rxe5 27. Qf4
Rae8 28. Rxe5 Qxe5 29. Qh6 Re6 30. Qh4 Qg7 31. Ne3 Be4 32. Nxg4 Bxg2 33. Kxg2
Qg6 34. Rd1 h5 35. Rd5 Qe4+ 36. f3 Qc2+ 37. Nf2 Re5 38. Qf6 Rxd5 39. cxd5 Nb4
40. Qg5+ Kh8 41. Qd8+ 1-0

[Event "41st IT Bosna 2011"]
[Site "Sarajevo"]
[Date "2011.05.05"]
[Round "3.6"]
[White "Szabo, Krisztian"]
[Black "Perunovic, Milos"]
[Result "1-0"]
[WhiteElo "2512"]
[BlackElo "2578"]
[PlyCount "59"]
[EventDate "2011.05.03"]

1. e4 c5 2. Nf3 d6 3. d4 cxd4 4. Nxd4 Nf6 5. Nc3 g6 6. Be3 Bg7 7. f3 O-O 8. Qd2
Nc6 9. Bc4 Bd7 10. O-O-O Rb8 11. Bb3 Na5 12. h4 b5 13. h5 Nc4 14. Bxc4 bxc4 15.
Bh6 Qb6 16. b3 Bxh6 17. Qxh6 Qa5 18. Kb2 Rfc8 19. Qe3 cxb3 20. axb3 e5 21. Nde2
Qc5 22. Qg5 Bb5 23. hxg6 fxg6 24. Qxf6 Bxe2 25. Qe6+ Kh8 26. Rxh7+ Kxh7 27.
Qf7+ Kh6 28. Rh1+ Kg5 29. f4+ Kg4 30. Qxg6+ 1-0

[Event "41st IT Bosna 2011"]
[Site "Sarajevo"]
[Date "2011.05.05"]
[Round "3.7"]
[White "Milanovic, Danilo"]
[Black "Popovic, Dusan"]
[Result "0-1"]
[WhiteElo "2494"]
[BlackElo "2553"]
[PlyCount "80"]
[EventDate "2011.05.03"]

1. d4 Nf6 2. c4 g6 3. Nc3 Bg7 4. e4 d6 5. Be2 O-O 6. Nf3 e5 7. Be3 c6 8. d5 Na6
9. Nd2 Ne8 10. O-O f5 11. f3 f4 12. Bf2 c5 13. a3 h5 14. b4 g5 15. Na4 b6 16.
bxc5 Nxc5 17. Nb2 Rf6 18. a4 a5 19. Ra3 Rg6 20. Kh1 g4 21. g3 Ra7 22. Rg1 fxg3
23. hxg3 Bh6 24. Nd3 Rag7 25. Nf1 h4 26. Nxc5 hxg3 27. Bxg3 bxc5 28. Nh2 gxf3
29. Rxf3 Bf4 30. Bf2 Rxg1+ 31. Bxg1 Qh4 32. Rb3 Bh3 33. Bf1 Rxg1+ 34. Kxg1
Bxh2+ 35. Kh1 Bg4 36. Qc2 Bf4+ 37. Kg1 Nf6 38. Qg2 Nxe4 39. Be2 Qe1+ 40. Bf1
Be3+ 0-1

[Event "41st IT Bosna 2011"]
[Site "Sarajevo"]
[Date "2011.05.05"]
[Round "3.8"]
[White "Can, Emre"]
[Black "Saric, Ibro"]
[Result "1-0"]
[WhiteElo "2487"]
[BlackElo "2549"]
[PlyCount "123"]
[EventDate "2011.05.03"]

1. d4 Nf6 2. c4 e6 3. Nc3 Bb4 4. f3 Nc6 5. a3 Bxc3+ 6. bxc3 b6 7. e4 Ba6 8. Bd3
Na5 9. e5 Ng8 10. Qe2 d5 11. cxd5 Bxd3 12. Qxd3 Qxd5 13. Ne2 Ne7 14. Bg5 Qc4
15. Qe4 Nd5 16. O-O h6 17. Bh4 Kd7 18. f4 g6 19. Qf3 Rag8 20. Be1 Kc8 21. Ng3
Kb8 22. Ne4 Qc6 23. a4 Nc4 24. Qd3 a5 25. Bg3 Nb2 26. Qe2 Nc4 27. Rf3 Ka7 28.
Bf2 Rb8 29. h3 Rb7 30. Kh2 Rhb8 31. Ra2 Ka8 32. Qd3 Ra7 33. Be1 b5 34. Nc5 Ndb6
35. Rf1 bxa4 36. Bd2 Qd5 37. Bc1 Nxe5 38. fxe5 Qxa2 39. Qb5 Qd5 40. Rxf7 Nc8
41. Qxa4 c6 42. c4 Qxc5 43. dxc5 Rxf7 44. Qxc6+ Rfb7 45. Qxe6 a4 46. Qa6+ Na7
47. c6 Rb6 48. Qxa4 Rxc6 49. Be3 Rc7 50. Bxa7 Rxa7 51. Qc6+ Rab7 52. Qa6+ Ra7
53. Qxg6 Rc8 54. Qxh6 Rxc4 55. h4 Rc8 56. Kh3 Rg8 57. Qc6+ Kb8 58. Qd6+ Rc7 59.
h5 Rh8 60. g4 Kb7 61. h6 Rc6 62. Qd7+ 1-0

[Event "41st IT Bosna 2011"]
[Site "Sarajevo"]
[Date "2011.05.05"]
[Round "3.9"]
[White "Naiditsch, Arkadij"]
[Black "Bogut, Zeljko"]
[Result "1-0"]
[WhiteElo "2716"]
[BlackElo "2433"]
[PlyCount "81"]
[EventDate "2011.05.03"]

1. e4 e5 2. Nf3 d6 3. d4 Nd7 4. Bc4 Be7 5. dxe5 dxe5 6. Qd5 Bb4+ 7. c3 Qe7 8.
cxb4 Ngf6 9. Qd3 Qxb4+ 10. Qc3 Qe7 11. Nbd2 O-O 12. O-O a6 13. a4 Rb8 14. a5 b5
15. axb6 cxb6 16. b4 b5 17. Bd3 Bb7 18. Bb2 Rbc8 19. Qb3 Qd6 20. Rac1 Rcd8 21.
Bb1 Rfe8 22. Rfd1 Qb8 23. h3 h6 24. Qe3 Qd6 25. Nc4 Qxb4 26. Ba3 Qxc4 27. Rxc4
bxc4 28. Qa7 Bc6 29. Bc2 Ra8 30. Qe3 Rac8 31. Nh4 Kh7 32. Nf5 Re6 33. Ne7 Re8
34. Nxc6 Rxc6 35. Ba4 Rc7 36. Bd6 Rb7 37. Bc6 Rb6 38. Ba4 Rc8 39. f4 exf4 40.
Qxf4 Rd8 41. Bc7 1-0

[Event "41st IT Bosna 2011"]
[Site "Sarajevo"]
[Date "2011.05.05"]
[Round "3.10"]
[White "Kurajica, Bojan"]
[Black "Ivanisevic, Ivan"]
[Result "1/2-1/2"]
[WhiteElo "2531"]
[BlackElo "2648"]
[PlyCount "152"]
[EventDate "2011.05.03"]

1. d4 d5 2. c4 c6 3. Nf3 Nf6 4. Qc2 g6 5. e3 Bg7 6. cxd5 cxd5 7. Bb5+ Nbd7 8.
O-O O-O 9. Bd2 a6 10. Be2 Re8 11. Rc1 e5 12. dxe5 Nxe5 13. Nxe5 Rxe5 14. Bc3
Re8 15. Bd4 Bf5 16. Qb3 Ne4 17. Bxg7 Kxg7 18. Nc3 d4 19. Rd1 Nxf2 20. Rxd4 Qg5
21. Nd5 Be4 22. Bf1 Nh3+ 23. Kh1 Rac8 24. Rd2 Rc5 25. Nf4 Nxf4 26. exf4 Qxf4
27. Rad1 Rh5 28. Qc3+ Kh6 29. h3 Bc6 30. Rd3 Rhe5 31. Qd2 Qxd2 32. R3xd2 Kg5
33. Kg1 h5 34. Bc4 Re1+ 35. Rxe1 Rxe1+ 36. Kf2 Re5 37. Rd4 h4 38. Rg4+ Kh5 39.
Rd4 f5 40. Rd6 Rc5 41. Rd4 a5 42. a4 Re5 43. Be2+ Kg5 44. Bf3 Be4 45. b4 Kf4
46. bxa5 Rc5 47. Rb4 Rc2+ 48. Kf1 Ra2 49. Ke1 g5 50. Kf1 Kg3 51. Bxe4 fxe4 52.
Rxe4 Rf2+ 53. Ke1 Rxg2 54. Re3+ Kh2 55. Rb3 g4 56. hxg4 h3 57. Kf1 Rxg4 58.
Rxb7 Rf4+ 59. Ke2 Rxa4 60. Rg7 Rxa5 61. Kf2 Ra2+ 62. Kf1 Rg2 63. Ra7 Rg4 64.
Rf7 Rb4 65. Rf6 Rb1+ 66. Kf2 Rb2+ 67. Kf1 Kg3 68. Rg6+ Kf3 69. Rf6+ Kg3 70.
Rg6+ Kh2 71. Rf6 Rb1+ 72. Kf2 Rg1 73. Rf5 Rg2+ 74. Kf1 Rg4 75. Kf2 Rg1 76. Rf6
Rg2+ 1/2-1/2

[Event "41st IT Bosna 2011"]
[Site "Sarajevo"]
[Date "2011.05.05"]
[Round "3.11"]
[White "Dizdarevic, Emir"]
[Black "Lupulescu, Constantin"]
[Result "0-1"]
[WhiteElo "2493"]
[BlackElo "2638"]
[PlyCount "82"]
[EventDate "2011.05.03"]

1. Nf3 Nf6 2. g3 b5 3. b3 Bb7 4. Bg2 g6 5. c4 b4 6. a3 a5 7. axb4 axb4 8. Rxa8
Bxa8 9. O-O Bg7 10. d4 O-O 11. Nbd2 d5 12. Bb2 dxc4 13. bxc4 c5 14. d5 e6 15.
e4 Nbd7 16. Qc2 Re8 17. Rd1 Nh5 18. Bxg7 Nxg7 19. Nb3 Qc8 20. Bh3 f5 21. Nfd2
Nf6 22. Qb2 e5 23. Re1 Qc7 24. exf5 gxf5 25. Nf3 Nd7 26. Qd2 Qd6 27. Nh4 Rf8
28. Ra1 Bb7 29. Qg5 h6 30. Nxf5 Rxf5 31. Qd8+ Rf8 32. Qxd7 Qf6 33. Rf1 Bc8 34.
Qxc8 Rxc8 35. Bxc8 e4 36. Nxc5 Qd4 37. Be6+ Nxe6 38. Nxe6 Qxc4 39. Nf4 b3 40.
d6 Qd4 41. Ng2 Qxd6 0-1

[Event "41st IT Bosna 2011"]
[Site "Sarajevo"]
[Date "2011.05.05"]
[Round "3.12"]
[White "Erdos, Viktor"]
[Black "Abergel, Thal"]
[Result "1/2-1/2"]
[WhiteElo "2609"]
[BlackElo "2506"]
[PlyCount "53"]
[EventDate "2011.05.03"]

1. d4 d5 2. c4 dxc4 3. e3 e5 4. Bxc4 exd4 5. exd4 Nf6 6. Nf3 Bd6 7. O-O O-O 8.
Nc3 Nc6 9. h3 h6 10. Qc2 Nb4 11. Qb1 c6 12. Bd2 Nbd5 13. Nxd5 Nxd5 14. Re1 Qf6
15. Bxd5 cxd5 16. Qd3 Bf5 17. Qb3 Be4 18. Ne5 Bxe5 19. dxe5 Qg6 20. f3 Bf5 21.
Kh2 Rfc8 22. Rac1 Be6 23. Qe3 Rc2 24. Rxc2 Qxc2 25. Bc3 b6 26. Re2 Qb1 27. a3
1/2-1/2

[Event "41st IT Bosna 2011"]
[Site "Sarajevo"]
[Date "2011.05.05"]
[Round "3.13"]
[White "Yilmaz, Mustafa"]
[Black "Solak, Dragan"]
[Result "1/2-1/2"]
[WhiteElo "2489"]
[BlackElo "2588"]
[PlyCount "25"]
[EventDate "2011.05.03"]

1. Nf3 Nf6 2. c4 g6 3. Nc3 Bg7 4. e4 d6 5. d4 O-O 6. h3 e5 7. dxe5 dxe5 8. Qxd8
Rxd8 9. Bg5 c6 10. Nxe5 Re8 11. O-O-O Na6 12. Nf3 Nc5 13. Nd2 1/2-1/2

[Event "41st IT Bosna 2011"]
[Site "Sarajevo"]
[Date "2011.05.05"]
[Round "3.14"]
[White "Kovacevic, Aleksandar"]
[Black "Nestorovic, Lazar"]
[Result "1-0"]
[WhiteElo "2575"]
[BlackElo "2419"]
[PlyCount "113"]
[EventDate "2011.05.03"]

1. e4 e5 2. Nf3 Nc6 3. Bb5 a6 4. Ba4 Nf6 5. O-O b5 6. Bb3 Be7 7. Re1 O-O 8. a4
Rb8 9. axb5 axb5 10. d3 d6 11. h3 Be6 12. c3 Qd7 13. Nbd2 Bxb3 14. Qxb3 b4 15.
c4 Ra8 16. Rxa8 Rxa8 17. Nf1 Qc8 18. Ne3 Nd7 19. Nd5 Nc5 20. Qd1 Bd8 21. Be3
Ne6 22. Qd2 Qb7 23. Rc1 Ra5 24. Qe1 Nc5 25. Bxc5 dxc5 26. g3 f6 27. Ra1 Qa7 28.
Rxa5 Qxa5 29. Qd1 Qa6 30. Nh4 Nd4 31. Qg4 Qe6 32. Nf5 Nxf5 33. exf5 Qd7 34. Qe4
c6 35. Ne3 b3 36. Qf3 Ba5 37. Qd1 Qb7 38. Kg2 Qb8 39. h4 Qb7 40. Qh5 Qb8 41.
Qd1 Qb7 42. g4 Qb8 43. Nf1 e4 44. dxe4 Qe5 45. Ng3 Qxb2 46. Qd7 g6 47. Qc8+ Kf7
48. Qb7+ Ke8 49. Qxc6+ Kd8 50. Qd5+ Kc8 51. Qa8+ Kd7 52. Qxa5 Qa2 53. Qb5+ Kd6
54. e5+ fxe5 55. Ne4+ Kc7 56. Qxc5+ Kb7 57. Nd6+ 1-0

[Event "41st IT Bosna 2011"]
[Site "Sarajevo"]
[Date "2011.05.05"]
[Round "3.15"]
[White "Nezad, Husein Aziz"]
[Black "Lafuente, Pablo"]
[Result "0-1"]
[WhiteElo "2433"]
[BlackElo "2555"]
[PlyCount "60"]
[EventDate "2011.05.03"]

1. d4 Nf6 2. c4 e6 3. Nc3 Bb4 4. Qc2 O-O 5. a3 Bxc3+ 6. Qxc3 Ne4 7. Qc2 f5 8.
Nh3 d6 9. f3 Nf6 10. e3 e5 11. Be2 exd4 12. exd4 Nc6 13. Be3 Re8 14. Qd2 h6 15.
d5 Na5 16. Qc3 b5 17. Qxa5 Rxe3 18. Kf2 Re8 19. Rhe1 Nd7 20. cxb5 f4 21. Qd2
Nc5 22. Qxf4 Bxh3 23. gxh3 Rf8 24. Qg4 Nd7 25. Rg1 Rf7 26. Rg3 Qf6 27. Rag1
Qxb2 28. Qe6 Kf8 29. Re1 Ne5 30. h4 Re8 0-1

[Event "41st IT Bosna 2011"]
[Site "Sarajevo"]
[Date "2011.05.05"]
[Round "3.16"]
[White "Esen, Baris"]
[Black "Jakovljevic, Vlado"]
[Result "1-0"]
[WhiteElo "2553"]
[BlackElo "2390"]
[PlyCount "138"]
[EventDate "2011.05.03"]

1. d4 d5 2. Nf3 Nf6 3. c4 c6 4. Nc3 e6 5. e3 a6 6. b3 Bb4 7. Bd2 Bd6 8. Bd3
Nbd7 9. O-O O-O 10. Rc1 Qe7 11. c5 Bc7 12. e4 dxe4 13. Nxe4 Nxe4 14. Bxe4 e5
15. Qc2 exd4 16. Rfe1 Kh8 17. Bg5 Nf6 18. Bxh7 Be6 19. Re4 d3 20. Qxd3 Qd7 21.
Rd4 Qxd4 22. Nxd4 Nxh7 23. Be7 Rfe8 24. Nxe6 Rxe7 25. Nxc7 Rxc7 26. Rc4 Re8 27.
Re4 Rxe4 28. Qxe4 Nf6 29. Qe5 Nd5 30. g3 Re7 31. Qd6 g6 32. Kg2 Kg7 33. Kf3 Kh7
34. Qb8 Kg7 35. h4 Nf6 36. b4 Nd5 37. a3 Nf6 38. g4 Nd5 39. Kg3 Nc3 40. f3 Nd5
41. Kf2 Nc3 42. Qf4 Nd5 43. Qg5 f6 44. Qd2 Re5 45. Qd4 Kf7 46. a4 Re8 47. Kg3
Re5 48. Qd2 Kg7 49. b5 axb5 50. axb5 Re7 51. Qa5 Rd7 52. Qa7 Rc7 53. bxc6 bxc6
54. Qa8 Ne7 55. Qe8 Ra7 56. h5 gxh5 57. Qxh5 Ra8 58. Qh2 Rd8 59. Qe2 Kf7 60. f4
Rd5 61. Qc2 Ng6 62. Qa2 Ne7 63. Qa7 Rd3+ 64. Kf2 Rd5 65. Ke3 Kf8 66. f5 Kf7 67.
Kf4 Rd4+ 68. Kg3 Rd5 69. Kh4 Re5 1-0